000 01141nam a2200229 i 4500
001 20984
003 ES-MaACL
005 20230906152409.0
007 t|
008 021120s1879 sp ||||1| spa d
100 1 _aRodriguez Rubí y Pacheco, Angel.
_998780
245 1 0 _aDiscursos leídos en la sesión inaugural del año académico de 1878-79 de la Sociedad Ginecológica Española, verificada el día 2 de febrero de 1879 /
_cpor Angel Rodríguez Rubí y Pacheco, y Gabriel de Alarcón.
260 _aMadrid :
_b[s.n.],
_c1879 (
_fImp. de Alejandro Gómez Fuentenebro)
300 _a56 p. ;
_c25 cm.
505 8 _aContiene: el discurso "Reseña de los trabajos verificados por la Sociedad en el curso anterior", del Sr. Rodríguez Rubí y el del Sr. Alarcón sobre "La menospausia o edad crítica de la mujer"
530 _aDisponible en formato digital.
650 4 _aMenopausia.
_9144329
700 1 _aAlarcón y Casanova, Gabriel de.
_919147
710 2 _aSociedad Ginecológica Española.
_96779
852 _aES-MaACL
_jT-843-F-4
856 _uhttp://bdh-rd.bne.es/viewer.vm?id=0000118017&page=1
_zBiblioteca Digital Hispánica
999 _c20984
_d20984